Unerwartete Veranderung : Erzahlungen /

Bibliographic Details
Main Author: Schneider, Rolf, 1932-
Format: Book
Language:German
Published: Rostock : Hinstorff Verlag, 1980.
Edition:1. Aufl.

MARC

Tag First Indicator Second Indicator Subfields
LEADER 00000cam a2200000 a 4500
001 in00000085277
005 20151008055823.0
008 810515s1980 ge 00011 ger d
035 |a (OCoLC)07424187 
035 |9 AAJ4478AM 
040 |a NAM  |c NAM  |d TXA  |d UtOrBLW 
049 |a TXAM  |c [387803] 
090 |a PT2680.N38  |b U55 
100 1 |a Schneider, Rolf,  |d 1932- 
245 1 0 |a Unerwartete Veranderung :  |b Erzahlungen /  |c Rolf Schneider. 
250 |a 1. Aufl. 
264 1 |a Rostock :  |b Hinstorff Verlag,  |c 1980. 
300 |a 159 pages ;  |c 21 cm. 
336 |a text  |b txt  |2 rdacontent 
337 |a unmediated  |b n  |2 rdamedia 
338 |a volume  |b nc  |2 rdacarrier 
999 |a MARS 
999 f f |s c22b2b15-fdab-3f52-93e4-3539975422f6  |i 477739c7-d3a4-3a6f-bec8-3d383323a0f4  |t 0 
952 f f |p ric  |a Texas A&M University  |b Rellis Campus  |c Joint Library Facility  |d Remote Storage  |t 0  |e PT2680.N38 U55  |h Library of Congress classification  |i unmediated -- volume  |m A14806195290 
998 f f |a PT2680.N38 U55  |t 0  |l Remote Storage